[Event "4NCL/Div1/RIC vs. WGR2"]
[Site "West Bromwich ENG"]
[Date "2004.05.23"]
[Round "11.4"]
[White "Arakhamia-Grant, Ketevan"]
[Black "Cech, Pavel"]
[Result "1-0"]
[WhiteElo "2423"]
[BlackElo "2395"]
[PlyCount "67"]
[EventDate "2004.05.23"]

1. e4 e6 2. d4 d5 3. Nc3 Bb4 4. e5 c5 5. a3 Bxc3+ 6. bxc3 Ne7 7. Nf3 b6 8. a4
Ba6 9. Bxa6 Nxa6 10. O-O Nb8 11. Ng5 h6 12. Qh5 O-O 13. Nf3 Nd7 14. Qh3 Rc8 15.
g4 Re8 16. g5 hxg5 17. Bxg5 cxd4 18. cxd4 Nf8 19. Kh1 Qc7 20. Rac1 Qc4 21. Rg1
Neg6 22. Qg4 Qxa4 23. h4 Rxc2 24. h5 Rxf2 25. hxg6 Nxg6 26. Nh4 Qa2 27. Qg3 Qe2
28. Be3 Rh2+ 29. Qxh2 Qxe3 30. Nxg6 fxg6 31. Qh4 Rf8 32. Rgf1 Rf3 33. Rc8+ Kf7
34. Qh3 1-0

[Event "4NCL/Div1/RIC vs. WGR2"]
[Site "West Bromwich ENG"]
[Date "2004.05.23"]
[Round "11.6"]
[White "Tiller, Bjorn"]
[Black "Bates, Richard A"]
[Result "1/2-1/2"]
[WhiteElo "2395"]
[BlackElo "2376"]
[PlyCount "62"]
[EventDate "2004.05.23"]

1. e4 c5 2. d3 e5 3. Nc3 Nc6 4. f4 exf4 5. Bxf4 d6 6. g3 Nf6 7. Bg2 Be7 8. h3
O-O 9. g4 Nd7 10. Nf3 Nde5 11. O-O Nxf3+ 12. Qxf3 Be6 13. Nd5 Bg5 14. Ne3 Nd4
15. Qd1 Bxf4 16. Rxf4 Qg5 17. Rf3 Nxf3+ 18. Qxf3 Qe5 19. c3 b5 20. Qf2 Rab8 21.
Qd2 a5 22. d4 cxd4 23. cxd4 Qg5 24. Qf2 Rfc8 25. h4 Qe7 26. g5 Rc7 27. Re1 Rbc8
28. Re2 Rc1+ 29. Kh2 Qc7 30. h5 d5+ 31. e5 Qd8 1/2-1/2

[Event "4NCL/Div1/RIC vs. WGR2"]
[Site "West Bromwich ENG"]
[Date "2004.05.23"]
[Round "11.7"]
[White "Franklin, Michael J"]
[Black "Tan, Desmond"]
[Result "1/2-1/2"]
[WhiteElo "2224"]
[BlackElo "2332"]
[PlyCount "35"]
[EventDate "2004.05.23"]

1. d4 Nf6 2. Nf3 e6 3. e3 c5 4. c3 b6 5. Nbd2 Bb7 6. Bd3 cxd4 7. exd4 Be7 8.
O-O O-O 9. Qe2 d6 10. Re1 Re8 11. Ne4 Nxe4 12. Bxe4 Bxe4 13. Qxe4 Nd7 14. h3
Nf6 15. Qc2 Qc7 16. Bf4 Rac8 17. Qb3 h6 18. Rac1 1/2-1/2

[Event "4NCL/Div1/GUI1 vs. WGR1"]
[Site "West Bromwich ENG"]
[Date "2004.05.23"]
[Round "11.8"]
[White "Hunt, Harriet"]
[Black "Collas, Silvia"]
[Result "1/2-1/2"]
[WhiteElo "2392"]
[BlackElo "2331"]
[PlyCount "203"]
[EventDate "2004.05.23"]

1. e4 c5 2. Nc3 e6 3. Nf3 a6 4. d4 cxd4 5. Nxd4 Qc7 6. Be2 Nf6 7. O-O Be7 8. f4
d6 9. a4 Nc6 10. Kh1 O-O 11. Bf3 Rb8 12. Be3 Re8 13. Qe1 Nb4 14. Qg3 Nd7 15.
Bg4 Bf8 16. Rf2 b6 17. Raf1 Bb7 18. Bf3 g6 19. f5 Ne5 20. fxe6 fxe6 21. Bg4
Nxg4 22. Qxg4 Bg7 23. h3 Qc4 24. Rd1 Bc8 25. Qg3 Be5 26. Qf3 Qc7 27. Bh6 Bg7
28. Bxg7 Qxg7 29. Nce2 Bd7 30. Qb3 a5 31. Nb5 Rf8 32. Rxf8+ Qxf8 33. Ned4 d5
34. c3 Na6 35. exd5 Nc5 36. Qc4 exd5 37. Qxd5+ Qf7 38. Qxf7+ Kxf7 39. b3 Ne4
40. Re1 Nc5 41. Nd6+ Kf8 42. Nc4 Be8 43. Re5 Nd7 44. Re3 Bf7 45. Nd6 Bd5 46. c4
Ba8 47. N6b5 Kf7 48. Nd6+ Kf8 49. Kg1 Nc5 50. Kh2 Rd8 51. Ne6+ Nxe6 52. Rxe6
Rb8 53. g4 Bc6 54. Kg3 Rd8 55. Kf4 Bd7 56. Rf6+ Ke7 57. Ke5 Rf8 58. Rxf8 Kxf8
59. Kf6 h5 60. gxh5 gxh5 61. Nf5 h4 62. Nxh4 Bxh3 63. Nf3 Ke8 64. Ke5 Kd7 65.
Kd4 Be6 66. Ng5 Bg8 67. Ne4 Kc6 68. Nf6 Bf7 69. Nd5 Bh5 70. Ne3 Kd6 71. Nf5+
Kc6 72. Ng3 Bg6 73. Ne4 Bh5 74. Nd2 Bf7 75. Nf3 Bh5 76. Ne5+ Kd6 77. Nd3 Kc6
78. Kc3 Be8 79. c5 bxc5 80. Ne5+ Kb6 81. Kd3 Bh5 82. Kc4 Bd1 83. Kc3 Be2 84.
Kd2 Bf1 85. Nc4+ Ka6 86. Ke3 Bh3 87. Ke4 Bg2+ 88. Ke5 Bf3 89. Ne3 Bh5 90. Kd6
c4 91. Nxc4 Bd1 92. Nd2 Bc2 93. Kc5 Bd1 94. Kc4 Be2+ 95. Kc3 Bd1 96. Nc4 Bh5
97. Nd6 Bg4 98. Ne4 Kb6 99. Kd4 Bd1 100. Kc4 Be2+ 101. Kc3 Bh5 102. Kd4 1/2-1/2

[Event "4NCL/Div1/WWKS vs. SLO1"]
[Site "West Bromwich ENG"]
[Date "2004.05.23"]
[Round "11.1"]
[White "Thomas, Nicholas"]
[Black "Shaw, John"]
[Result "0-1"]
[WhiteElo "2263"]
[BlackElo "2444"]
[PlyCount "74"]
[EventDate "2004.05.23"]

1. e4 c5 2. Nc3 Nc6 3. f4 g6 4. Nf3 Bg7 5. a4 e6 6. d4 Nxd4 7. Nxd4 cxd4 8. Nb5
d6 9. Nxd4 Nf6 10. Bd3 O-O 11. Nf3 e5 12. fxe5 dxe5 13. O-O Qc7 14. Kh1 Nh5 15.
c3 Be6 16. Qe2 f6 17. Rg1 Rfe8 18. g4 Nf4 19. Bxf4 exf4 20. Nd4 Bf7 21. Qf3 Bf8
22. Rgf1 g5 23. Rfe1 Rad8 24. Bb1 Bc5 25. Nf5 Rd2 26. Nh6+ Kh8 27. Nxf7+ Qxf7
28. Ba2 Qe7 29. b4 Rf2 30. Qd3 Be3 31. Bd5 Qd7 32. Qb5 Re7 33. Qxd7 Rxd7 34.
Rf1 Rc2 35. c4 h5 36. Rad1 hxg4 37. Be6 g3 0-1

[Event "4NCL/Div1/WWKS vs. SLO1"]
[Site "West Bromwich ENG"]
[Date "2004.05.23"]
[Round "11.2"]
[White "McNab, Colin A"]
[Black "Mason, Don"]
[Result "1-0"]
[WhiteElo "2422"]
[BlackElo "2280"]
[PlyCount "55"]
[EventDate "2004.05.23"]

1. c4 e5 2. Nc3 Nc6 3. Nf3 f5 4. d4 e4 5. Ng5 h6 6. Nh3 g5 7. e3 Nf6 8. Ng1 Bg7
9. h4 g4 10. Nge2 Nh5 11. Nd5 Ne7 12. Ndf4 Nxf4 13. Nxf4 h5 14. Qb3 Rh6 15. c5
Kf8 16. Bc4 Rb8 17. Bf7 b6 18. Bxh5 Rf6 19. f3 exf3 20. gxf3 Bb7 21. c6 Nxc6
22. Bd2 Na5 23. Bxa5 Bxf3 24. Bb4+ c5 25. dxc5 Bxh1 26. c6+ d6 27. O-O-O Qc7
28. Rxd6 1-0

[Event "4NCL/Div1/WWKS vs. SLO1"]
[Site "West Bromwich ENG"]
[Date "2004.05.23"]
[Round "11.3"]
[White "Wu, Li"]
[Black "Dearing, Eddie"]
[Result "1/2-1/2"]
[WhiteElo "2197"]
[BlackElo "2378"]
[PlyCount "48"]
[EventDate "2004.05.23"]

1. d4 d5 2. c4 c6 3. Nf3 Nf6 4. Nc3 e6 5. Bg5 h6 6. Bxf6 Qxf6 7. e3 Nd7 8. Rc1
g6 9. cxd5 exd5 10. Bd3 Be7 11. O-O O-O 12. a3 a5 13. Qa4 Rd8 14. b4 b5 15. Qb3
axb4 16. axb4 Nb6 17. Ra1 Bf5 18. Bxf5 Qxf5 19. Ne5 Qe6 20. Nd3 Nc4 21. Ra2 Qf5
22. Nc5 Rxa2 23. Qxa2 Bxc5 24. dxc5 Qd3 1/2-1/2

[Event "4NCL/Div1/WWKS vs. SLO1"]
[Site "West Bromwich ENG"]
[Date "2004.05.23"]
[Round "11.4"]
[White "Howell, David W L"]
[Black "Fishburne, Stewart K"]
[Result "1-0"]
[WhiteElo "2332"]
[BlackElo "2048"]
[PlyCount "75"]
[EventDate "2004.05.23"]

1. e4 g6 2. d4 Bg7 3. Nc3 d6 4. f4 Nf6 5. a3 O-O 6. Nf3 Bg4 7. Be3 Nfd7 8. h3
Bxf3 9. Qxf3 e5 10. dxe5 dxe5 11. f5 gxf5 12. Qxf5 Nc6 13. Bb5 Nf6 14. Bxc6
bxc6 15. Rf1 Ne8 16. Qh5 f6 17. Rf3 Qe7 18. O-O-O Rb8 19. Qg4 Nd6 20. Bxa7 Rb7
21. Bc5 Rfb8 22. b3 Kh8 23. Qh5 Qe6 24. Rfd3 f5 25. exf5 Bh6+ 26. Be3 Nxf5 27.
Rd8+ Rxd8 28. Rxd8+ Kg7 29. Qg4+ Qg6 30. Rd7+ Kg8 31. Qc4+ Kf8 32. Bxh6+ Qxh6+
33. Kb2 Nd6 34. Qxc6 Ra7 35. Rd8+ Kg7 36. Qd7+ Nf7 37. Qg4+ Kf6 38. Nd5# 1-0

[Event "4NCL/Div1/WWKS vs. SLO1"]
[Site "West Bromwich ENG"]
[Date "2004.05.23"]
[Round "11.6"]
[White "Devereaux, Maxim"]
[Black "Hunt, Malcolm A"]
[Result "1-0"]
[WhiteElo "2325"]
[BlackElo "1992"]
[PlyCount "53"]
[EventDate "2004.05.23"]

1. e4 e5 2. Nf3 Nc6 3. d4 exd4 4. Nxd4 Nf6 5. Nxc6 bxc6 6. e5 Qe7 7. Qe2 Nd5 8.
c4 Nb6 9. Nd2 a5 10. g3 a4 11. Bg2 g6 12. O-O Bg7 13. Re1 Ra5 14. Ne4 O-O 15.
Nf6+ Bxf6 16. exf6 Qxe2 17. Rxe2 Nxc4 18. Bh6 Rd8 19. Rae1 Nd6 20. Bf4 Kf8 21.
Bh3 g5 22. Bd2 Rb5 23. f4 Rxb2 24. fxg5 Ba6 25. g6 Kg8 26. gxf7+ Kxf7 27. Re7+
1-0

[Event "4NCL/Div1/BAR2 vs. AD1"]
[Site "West Bromwich ENG"]
[Date "2004.05.23"]
[Round "11.1"]
[White "Collins, Sam"]
[Black "Rogers, Ian"]
[Result "0-1"]
[WhiteElo "2392"]
[BlackElo "2582"]
[PlyCount "126"]
[EventDate "2004.05.23"]

1. e4 c6 2. d4 d5 3. exd5 cxd5 4. c4 Nf6 5. Nc3 g6 6. cxd5 Nbd7 7. Bg5 Bg7 8.
Be2 Nb6 9. Bxf6 Bxf6 10. Bf3 O-O 11. Nge2 Bg7 12. O-O Nc4 13. Ne4 Bf5 14. b3
Bxe4 15. Bxe4 Nd6 16. Qd3 Qb6 17. g3 Rac8 18. Bg2 Rc7 19. Rfd1 Bf6 20. Rd2 Rd8
21. Rad1 Qa5 22. h4 Bg7 23. Rc2 Rxc2 24. Qxc2 Rc8 25. Qd2 Qb6 26. Bh3 Rc7 27.
Bg2 a6 28. Kh1 h5 29. Kg1 Kh7 30. Qd3 Bh6 31. Bf3 Kg8 32. Kg2 Qb4 33. Rh1 Qb5
34. Rd1 Kf8 35. g4 hxg4 36. Bxg4 Qxd5+ 37. Bf3 Qf5 38. a4 Qf6 39. Rh1 Nf5 40.
Qe4 a5 41. Qe5 Qxe5 42. dxe5 Bg7 43. Be4 Bxe5 44. h5 Nd6 45. Bb1 Kg7 46. hxg6
f5 47. Rc1 Rxc1 48. Nxc1 Kxg6 49. Na2 Bb2 50. b4 b6 51. bxa5 bxa5 52. f4 Nc4
53. Bd3 Nb6 54. Bb5 Kf6 55. Kf3 Ke6 56. Ke3 Nd5+ 57. Kf3 Kd6 58. Bd3 e6 59. Bf1
Kc5 60. Be2 Kd4 61. Bb5 Ba3 62. Bf1 Nb4 63. Nxb4 axb4 0-1

[Event "4NCL/Div1/BAR2 vs. AD1"]
[Site "West Bromwich ENG"]
[Date "2004.05.23"]
[Round "11.3"]
[White "D'Costa, Lorin A R"]
[Black "Mestel, A Jonathan"]
[Result "1/2-1/2"]
[WhiteElo "2359"]
[BlackElo "2496"]
[PlyCount "131"]
[EventDate "2004.05.23"]

1. d4 Nf6 2. c4 e6 3. Nf3 c5 4. d5 exd5 5. cxd5 d6 6. Nc3 g6 7. g3 Bg7 8. Bg2
O-O 9. O-O Re8 10. Nd2 a6 11. a4 Nbd7 12. Nc4 Nb6 13. Na3 Bd7 14. a5 Nc8 15.
Nc4 Bb5 16. Qb3 Bxc4 17. Qxc4 b5 18. axb6 Nxb6 19. Qd3 Qc7 20. Ra2 c4 21. Qc2
Nfd7 22. Bf4 Nc5 23. h3 Nb3 24. g4 a5 25. e3 Qd7 26. Bg3 Nc5 27. e4 a4 28. f4
Nd3 29. Qd2 f5 30. Kh2 Rab8 31. exf5 gxf5 32. Bf3 Bd4 33. gxf5 Be3 34. Qg2 Qg7
35. Bg4 Nd7 36. f6 Nxf6 37. Be6+ Kh8 38. Qf3 Bd4 39. Nxa4 Rb3 40. Ra3 Ne1 41.
Bxe1 Rxf3 42. Raxf3 Qb7 43. Bc3 Bxc3 44. Nxc3 Qxb2+ 45. R1f2 Qc1 46. Rg2 Rb8
47. Ne2 Qe1 48. Rfg3 Qf1 49. Rg7 Qf3 50. R7g5 Qe4 51. Rg7 c3 52. Rf7 Rg8 53.
Rxg8+ Nxg8 54. Nxc3 Qc2+ 55. Kh1 Qc1+ 56. Kh2 Nh6 57. Rc7 Qxf4+ 58. Kg2 Nf5 59.
Rc8+ Kg7 60. Rg8+ Kh6 61. Bxf5 {(=)} 61... Qxf5 62. Rg3 Qc2+ 63. Kg1 Kh5 64.
Rf3 Kg5 65. Kh1 h5 66. Kg1 1/2-1/2

[Event "4NCL/Div1/BAR2 vs. AD1"]
[Site "West Bromwich ENG"]
[Date "2004.05.23"]
[Round "11.4"]
[White "Richardson, John R"]
[Black "Ferguson, Mark"]
[Result "0-1"]
[WhiteElo "2293"]
[BlackElo "2381"]
[PlyCount "130"]
[EventDate "2004.05.23"]

1. d4 d5 2. Nf3 Nf6 3. c4 c6 4. e3 Bf5 5. Nc3 e6 6. Qb3 Qb6 7. c5 Qc7 8. Nh4
Bg6 9. Nxg6 hxg6 10. Bd3 Nbd7 11. f4 Be7 12. Bd2 Ng4 13. Be2 Bh4+ 14. Kf1 Ndf6
15. Bf3 Bg3 16. h3 Nf2 17. Rg1 N2e4 18. Be1 {(=)} 18... Bxe1 19. Kxe1 O-O-O 20.
Qc2 Nxc3 21. bxc3 g5 22. fxg5 Qg3+ 23. Ke2 Qxg5 24. Qa4 a6 25. Rab1 Ne4 26.
Bxe4 dxe4 27. Qc2 Qh5+ 28. Ke1 f5 29. Rb6 e5 30. Qb3 Rd7 31. d5 Rxd5 32. Rxb7
Qd1+ 33. Qxd1 Rxd1+ 34. Kxd1 Kxb7 35. Ke2 Rd8 36. Rf1 g6 37. g4 Rf8 38. gxf5
gxf5 39. h4 f4 40. exf4 exf4 41. h5 Kc7 42. h6 Kd7 43. h7 f3+ 44. Kd2 Ke6 45.
Rh1 Rh8 46. Ke3 Kd5 47. Rh5+ Kc4 48. Rh4 Kxc5 49. Kxe4 f2 50. Rf4 Rxh7 51. Rxf2
Kc4 52. Ke5 Rh5+ 53. Kd6 Rh6+ 54. Ke5 Kxc3 55. Rf4 c5 56. Kd5 Rh5+ 57. Kc6 c4
58. Kb6 a5 59. Rg4 a4 60. Rg3+ Kb2 61. Rg2+ Kb1 62. Rg4 c3 63. Rxa4 Rh3 64. Kb5
c2 65. Rc4 Ra3 0-1

[Event "4NCL/Div1/BAR2 vs. AD1"]
[Site "West Bromwich ENG"]
[Date "2004.05.23"]
[Round "11.5"]
[White "Cox, John J"]
[Black "Lyell, Mark"]
[Result "1/2-1/2"]
[WhiteElo "2321"]
[BlackElo "2254"]
[PlyCount "100"]
[EventDate "2004.05.23"]

1. c4 e5 2. Nc3 Nc6 3. g3 g6 4. Bg2 Bg7 5. d3 d6 6. e4 Nge7 7. Nge2 Bg4 8. f3
Be6 9. Nd5 O-O 10. Be3 Nd4 11. Nxd4 exd4 12. Bg5 f6 13. Bd2 Qd7 14. O-O Rae8
15. Nxe7+ Rxe7 16. Qb3 c5 17. f4 Bh6 18. Rfe1 Rfe8 19. Qa3 b6 20. b4 Bh3 21.
Bxh3 Qxh3 22. bxc5 dxc5 23. Qa4 Qg4 24. Qd1 Qd7 25. a4 Qc6 26. Kf2 a6 27. Qb3
f5 28. e5 Rxe5 29. Rxe5 Rxe5 30. a5 Re6 31. axb6 Qxb6 32. Rb1 Qxb3 33. Rxb3 Bf8
34. Rb7 Re7 35. Rb6 Ra7 36. Ba5 Kf7 37. Ke2 Be7 38. Rb8 Bd6 39. Rd8 Ke7 40. Kd2
Rb7 41. Kc2 Rb8 42. Rxb8 Bxb8 43. Bd2 Kd7 44. Kb3 Bd6 45. Ka4 Kc6 46. Ka5 Kb7
47. Ka4 h6 48. h4 Be7 49. Bc1 Bd8 50. Bd2 Be7 1/2-1/2

[Event "4NCL/Div1/BAR2 vs. AD1"]
[Site "West Bromwich ENG"]
[Date "2004.05.23"]
[Round "11.6"]
[White "Snape, Ian"]
[Black "Taylor, Martin R"]
[Result "0-1"]
[WhiteElo "2245"]
[BlackElo "2332"]
[PlyCount "122"]
[EventDate "2004.05.23"]

1. c4 e5 2. Nc3 Nc6 3. g3 g6 4. Bg2 Bg7 5. d3 d6 6. Rb1 a5 7. a3 Nge7 8. e3 h5
9. h4 Bg4 10. Nge2 Qd7 11. b4 axb4 12. axb4 f6 13. b5 Nd8 14. e4 Nf7 15. Be3 g5
16. Nd5 gxh4 17. gxh4 Nxd5 18. cxd5 Qe7 19. f3 Bd7 20. Qc2 Qd8 21. Bh3 f5 22.
Bxf5 Bxf5 23. exf5 Bf6 24. Bf2 Qd7 25. Ng3 Ra5 26. Qc4 Bd8 27. Qb4 b6 28. Qc4
Nh6 29. d4 Nxf5 30. dxe5 dxe5 31. Qe4 Nd6 32. Qxe5+ Qe7 33. Bd4 Rf8 34. Qxe7+
Kxe7 35. Bc3 Rxb5 36. Bb4 Kd7 37. O-O Rg8 38. Kh2 Rxd5 39. Rbd1 Rxd1 40. Rxd1
Bxh4 41. Nf5 Be7 42. Nxe7 Kxe7 43. Bxd6+ cxd6 44. Rb1 Rb8 45. Rb5 Kd7 46. Kg3
Kc6 47. Rxh5 b5 48. Kf2 Re8 49. f4 b4 50. Rh3 Kc5 51. f5 Kc4 52. Rh4+ Kc3 53.
Rh3+ Kc2 54. Rh6 Rd8 55. Ke3 b3 56. Rh7 Rc8 57. Rh2+ Kc3 58. Ke4 b2 59. Rh1
Re8+ 60. Kf4 Kc2 61. Rh2+ Kb3 0-1

[Event "4NCL/Div1/BAR2 vs. AD1"]
[Site "West Bromwich ENG"]
[Date "2004.05.23"]
[Round "11.7"]
[White "Rogers, Jonathan W"]
[Black "Wheeler, Darren P"]
[Result "1-0"]
[WhiteElo "2338"]
[BlackElo "2243"]
[PlyCount "61"]
[EventDate "2004.05.23"]

1. d4 e6 2. Nf3 d5 3. c4 c5 4. cxd5 exd5 5. Nc3 Nf6 6. Bg5 Be6 7. e3 Nc6 8. Bb5
a6 9. Bxc6+ bxc6 10. Qa4 cxd4 11. Bxf6 gxf6 12. Nxd4 Bd7 13. Qc2 Bd6 14. Rc1
O-O 15. O-O Rc8 16. Nf5 Be5 17. Na4 Re8 18. f4 Bb8 19. Rf3 Ba7 20. Rg3+ Kf8 21.
Nd6 Rxe3 22. Kh1 Qa5 23. Rxe3 Bxe3 24. Ra1 Rb8 25. Qxh7 Ke7 26. Nxf7 Be8 27.
Nh6+ Kd8 28. Nf5 Bc5 29. Nxc5 Qxc5 30. Qg7 Qc2 31. Qe7+ 1-0

[Event "4NCL/Div2/3CS2 vs. PYO"]
[Site "West Bromwich ENG"]
[Date "2003.10.18"]
[Round "1.1"]
[White "James, Dale R"]
[Black "Rendle, Thomas E"]
[Result "1/2-1/2"]
[WhiteElo "2200"]
[BlackElo "2272"]
[PlyCount "43"]
[EventDate "2003.10.18"]

1. e4 e6 2. d4 d5 3. Nc3 Bb4 4. e5 c5 5. Qg4 Ne7 6. Qxg7 Rg8 7. Qxh7 cxd4 8. a3
Ba5 9. b4 dxc3 10. bxa5 Nbc6 11. Nf3 Qc7 12. Bf4 Bd7 13. a6 O-O-O 14. axb7+ Kb8
15. Qd3 Rg4 16. Bg3 Rc4 17. Be2 Nf5 18. O-O Ncd4 19. Nxd4 Rxd4 20. Qf3 Rd2 21.
Bd3 Nd4 22. Qe3 1/2-1/2

[Event "4NCL/Div2/3CS2 vs. PYO"]
[Site "West Bromwich ENG"]
[Date "2003.10.18"]
[Round "1.2"]
[White "Bigg, Andrew J"]
[Black "Taylor, Robert M"]
[Result "1/2-1/2"]
[WhiteElo "2267"]
[BlackElo "2175"]
[PlyCount "54"]
[EventDate "2003.10.18"]

1. d4 Nf6 2. Bg5 e6 3. e4 c5 4. d5 h6 5. Bxf6 Qxf6 6. Nc3 a6 7. a4 d6 8. Nf3 e5
9. Nd2 Qg6 10. Nc4 Nd7 11. Qd3 Rb8 12. Qg3 Qxg3 13. hxg3 b6 14. g4 Be7 15. g5
h5 16. g3 g6 17. f4 Kf8 18. Bh3 h4 19. Bxd7 Bxd7 20. Rxh4 Rxh4 21. gxh4 exf4
22. e5 dxe5 23. d6 Bd8 24. Nxe5 Bf5 25. O-O-O f6 26. Nc6 Rc8 27. Ne7 Bxe7
1/2-1/2

[Event "4NCL/Div2/3CS2 vs. PYO"]
[Site "West Bromwich ENG"]
[Date "2003.10.18"]
[Round "1.3"]
[White "Shaw, David A"]
[Black "Player, Edmund C"]
[Result "1-0"]
[WhiteElo "2168"]
[BlackElo "2166"]
[PlyCount "77"]
[EventDate "2003.10.18"]

1. e4 e6 2. d4 d5 3. Nc3 Bb4 4. e5 c5 5. a3 Bxc3+ 6. bxc3 Ne7 7. Qg4 Qc7 8.
Qxg7 Rg8 9. Qxh7 cxd4 10. Ne2 Nbc6 11. f4 Bd7 12. Qd3 dxc3 13. h3 d4 14. g4
O-O-O 15. Rb1 Be8 16. Bg2 f6 17. exf6 Nd5 18. Qe4 Bf7 19. g5 Qd7 20. O-O Rde8
21. Kh1 e5 {(=)} 22. f5 Nxf6 23. Qd3 Bd5 24. Ng3 Bxg2+ 25. Kxg2 Qd5+ {(=)} 26.
Kh2 e4 27. Qb5 Qxb5 28. Rxb5 Nd7 29. f6 a6 30. Rd5 Re6 31. Bf4 e3 32. Ne2 Rge8
33. Bd6 Nde5 34. f7 Nxf7 35. Rxf7 Rd8 36. Rc7+ Kb8 37. Rxc6+ Ka8 38. Bc5 Rxd5
39. Rc8# 1-0

[Event "4NCL/Div2/3CS2 vs. PYO"]
[Site "West Bromwich ENG"]
[Date "2003.10.18"]
[Round "1.4"]
[White "Hodge, David J"]
[Black "Walton, Alan J"]
[Result "1/2-1/2"]
[WhiteElo "2165"]
[BlackElo "2127"]
[PlyCount "42"]
[EventDate "2003.10.18"]

1. e4 e6 2. d4 d5 3. Nd2 Nf6 4. e5 Nfd7 5. f4 c5 6. c3 Nc6 7. Ndf3 Qb6 8. a3 a5
9. b3 cxd4 10. cxd4 Be7 11. h4 f6 12. Bd3 f5 13. Ne2 Ndb8 14. h5 Bd7 15. Rg1
Na6 16. Bb2 O-O-O 17. Kf2 Rdg8 18. g4 g6 19. hxg6 hxg6 20. Qc2 Kb8 21. g5 Nc7
1/2-1/2

[Event "4NCL/Div2/3CS2 vs. PYO"]
[Site "West Bromwich ENG"]
[Date "2003.10.18"]
[Round "1.5"]
[White "Adams, Phil"]
[Black "Deva, Chetan"]
[Result "0-1"]
[WhiteElo "2115"]
[BlackElo "2155"]
[PlyCount "130"]
[EventDate "2003.10.18"]

1. e4 c5 2. Nc3 Nc6 3. Nf3 g6 4. d4 cxd4 5. Nxd4 Bg7 6. Be3 d6 7. Qd2 Nf6 8. f3
Bd7 9. Bc4 Qa5 10. O-O-O O-O 11. Bb3 Rfc8 12. Kb1 Ne5 13. Bg5 Rxc3 14. Qxc3
Qxc3 15. bxc3 Rc8 16. Kb2 b5 17. Rhe1 Rc5 18. Bh4 Be8 19. a3 h6 20. Ne2 a5 21.
Bf2 Rc8 22. Bd4 g5 23. Bxe5 dxe5 24. Rd2 e6 25. Red1 Bf8 26. Rd8 Rc7 27. Rb8
Be7 28. a4 b4 29. cxb4 Bxb4 30. Rdd8 Kf8 31. Rdc8 Ra7 32. Ra8 Rb7 33. c3 Bd6
34. Rxa5 Ke7 35. Kc2 Nd7 36. Raa8 Nb8 37. a5 Bb5 38. c4 Bd7 39. Rcxb8 Rxb8 40.
Ra7 Kd8 41. a6 Bc5 42. Rb7 Rxb7 43. axb7 Kc7 44. Nc3 {(=)} 44... Kxb7 45. Ba4
Bc8 46. Be8 f6 47. Kb3 Kc7 48. Ka4 Kb6 49. Ne2 Be3 50. Bb5 Kc5 51. Kb3 f5 52.
Kc3 Kd6 53. Kd3 Bf2 54. Nc1 Bb7 55. Nb3 h5 56. Be8 h4 57. Bg6 g4 58. fxg4 Bxe4+
59. Ke2 Bg1 60. Kf1 Bxh2 61. gxf5 exf5 62. Nd2 Bd3+ 63. Kf2 Bg3+ 64. Kg1 Kc5
65. Nf1 Bf4 0-1

[Event "4NCL/Div2/3CS2 vs. PYO"]
[Site "West Bromwich ENG"]
[Date "2003.10.18"]
[Round "1.6"]
[White "Bennet, William D"]
[Black "Plant, Paul"]
[Result "1-0"]
[WhiteElo "2077"]
[BlackElo "2097"]
[PlyCount "55"]
[EventDate "2003.10.18"]

1. d4 Nf6 2. c4 g6 3. Nc3 Bg7 4. e4 d6 5. f4 O-O 6. Nf3 c5 7. d5 e6 8. Bd3 exd5
9. cxd5 Bg4 10. O-O Nbd7 11. h3 Bxf3 12. Qxf3 Qa5 13. a4 c4 14. Bc2 Rfe8 15.
Be3 a6 16. Bd4 Nxe4 17. Bxg7 Qc5+ 18. Kh1 Nd2 19. Qf2 Nxf1 20. Bd4 Ng3+ 21. Kh2
Qb4 22. Qxg3 Qxb2 23. Ra2 Qc1 24. Ne4 f5 25. Be3 Qf1 26. Nxd6 Rf8 27. Bxf5 Rf6
28. Be6+ 1-0

[Event "4NCL/Div2/3CS2 vs. PYO"]
[Site "West Bromwich ENG"]
[Date "2003.10.18"]
[Round "1.7"]
[White "Hickman, Alexander"]
[Black "Levermore, Peter A"]
[Result "0-1"]
[WhiteElo "1936"]
[BlackElo "2066"]
[PlyCount "44"]
[EventDate "2003.10.18"]

1. c4 c5 2. g3 Nc6 3. Bg2 g6 4. Nc3 Bg7 5. e4 d6 6. d3 e5 7. Nge2 Nge7 8. a3
O-O 9. Rb1 Rb8 10. b4 Nd4 11. b5 Bg4 12. O-O Nf3+ 13. Kh1 f5 14. h3 Bh5 15. Qc2
Qd7 16. Ng1 Nd4 17. Qd2 f4 18. g4 f3 19. gxh5 Rf4 20. Qe1 Rh4 21. hxg6 Qg4 22.
gxh7+ Rxh7 0-1

[Event "4NCL/Div2/3CS2 vs. PYO"]
[Site "West Bromwich ENG"]
[Date "2003.10.18"]
[Round "1.8"]
[White "Miller, Naomi K"]
[Black "Roberts, Elizabeth H"]
[Result "1-0"]
[WhiteElo "1680"]
[BlackElo "1528"]
[PlyCount "69"]
[EventDate "2003.10.18"]

1. e4 e5 2. f4 Nf6 3. Nc3 d5 4. d3 Nc6 5. fxe5 Nxe5 6. Bg5 Bb4 7. d4 h6 8. dxe5
hxg5 9. exf6 d4 10. fxg7 Rg8 11. a3 dxc3 12. Qxd8+ Kxd8 13. axb4 cxb2 14. Rb1
Rxg7 15. Rxb2 f6 16. Nf3 Re7 17. Bd3 Bf5 18. Nd2 Bg6 19. O-O Re6 20. Nb3 Ke7
21. Nc5 Rb6 22. c3 Rd6 23. Rf3 b6 24. Nb3 Rad8 25. Bc2 Rb8 26. Nd4 Ra8 27. Ba4
a6 28. Bc6 Rb8 29. Bd5 Re8 30. Ra2 Kf8 31. Rxa6 Bxe4 32. Bxe4 Rxe4 33. Ra7 Re7
34. h3 Rf7 35. Ra8+ 1-0

[Event "4NCL/Div2/GUI2 vs. KHE"]
[Site "West Bromwich ENG"]
[Date "2003.10.18"]
[Round "1.1"]
[White "Thompson, Ian D"]
[Black "McMichael, Richard"]
[Result "1-0"]
[WhiteElo "2299"]
[BlackElo "2298"]
[PlyCount "101"]
[EventDate "2003.10.18"]

1. c4 e6 2. g3 d5 3. Bg2 c6 4. d4 f5 5. Nh3 Nf6 6. O-O Be7 7. Nd2 O-O 8. Qc2
Bd7 9. Nf3 Na6 10. a3 Rc8 11. b4 Nc7 12. Nf4 Be8 13. Bb2 Bd6 14. Nd3 Bh5 15. c5
Be7 16. Nfe5 Ng4 17. Nxg4 Bxg4 18. f3 Bh5 19. e4 Bg5 20. exf5 exf5 21. Rae1 f4
22. Ne5 Bf6 23. Bh3 Ra8 24. Bf5 h6 25. g4 Be8 26. Bc1 Bg5 27. Re2 Qf6 28. Rd1
a5 29. bxa5 Rxa5 30. Qc3 Ra7 31. Bc2 g6 32. Qb4 Na8 {(=)} 33. Kg2 Kg7 34. Nd3
Bd7 35. h3 h5 36. Rde1 hxg4 37. hxg4 Bh4 38. Re7+ Qxe7 39. Rxe7+ Bxe7 40. Bxf4
b5 41. Qd2 Kg8 42. Ne5 Be8 43. Bh6 Rf6 44. g5 Re6 45. f4 Nc7 46. f5 gxf5 47.
Qf4 Bg6 48. Nxg6 Rxg6 49. Qxf5 Rxh6 50. gxh6 Ne8 51. Qe6+ 1-0

[Event "4NCL/Div2/GUI2 vs. KHE"]
[Site "West Bromwich ENG"]
[Date "2003.10.18"]
[Round "1.2"]
[White "Thomas, Richard H"]
[Black "Anderton, Matthew N"]
[Result "1/2-1/2"]
[WhiteElo "2235"]
[BlackElo "2242"]
[PlyCount "130"]
[EventDate "2003.10.18"]

1. d4 e6 2. c4 Nf6 3. g3 c5 4. Nf3 cxd4 5. Nxd4 Bb4+ 6. Bd2 Be7 7. Bg2 Nc6 8.
Bc3 O-O 9. O-O d5 10. cxd5 Nxd5 11. Nxc6 bxc6 12. Qc2 Ba6 13. Rd1 Qb6 14. e4
Nxc3 15. Nxc3 Rfd8 16. Na4 Qb4 17. b3 c5 18. Nb2 Rd4 19. Rxd4 cxd4 20. Bf1 Qc3
21. Rc1 Bxf1 22. Kxf1 Ba3 23. Na4 Qf3 24. Rd1 Rd8 25. Qd3 Qh1+ 26. Ke2 Qxh2 27.
Qf3 Qh6 28. Nc3 Qg5 29. Nb1 Qb5+ 30. Qd3 Qh5+ 31. Qf3 Qxf3+ 32. Kxf3 Bc5 33.
Nc3 Kf8 34. Na4 Ba3 35. e5 f6 36. Ke4 f5+ 37. Kd3 g5 38. Rh1 Kg7 39. Kc4 d3 40.
b4 d2 41. Rd1 Rb8 42. b5 Rc8+ 43. Kb3 Bc1 44. Nc3 h5 45. a4 Kf7 46. Nb1 Rd8 47.
a5 Ke7 48. Kb4 Rd5 49. a6 Kd8 50. b6 axb6 51. a7 Ra5 52. Nxd2 Bxd2+ 53. Rxd2+
Ke7 54. f4 gxf4 55. gxf4 Rxa7 56. Rh2 Rd7 57. Rxh5 Rd4+ 58. Kb5 Rxf4 59. Rh7+
Ke8 60. Rh6 Kf7 61. Rh7+ Kg6 62. Re7 Rd4 63. Rxe6+ Kg5 64. Kxb6 f4 65. Kc5 Rd1
1/2-1/2

[Event "4NCL/Div2/GUI2 vs. KHE"]
[Site "West Bromwich ENG"]
[Date "2003.10.18"]
[Round "1.3"]
[White "Granat, Russell G"]
[Black "Kwiatkowski, Feliks J"]
[Result "1-0"]
[WhiteElo "2252"]
[BlackElo "2251"]
[PlyCount "81"]
[EventDate "2003.10.18"]

1. e4 c5 2. Nf3 Nc6 3. d4 cxd4 4. Nxd4 Nf6 5. Nc3 e5 6. Nf3 Bb4 7. Bc4 O-O 8.
Qd3 d6 9. O-O Be6 10. Nd5 Bc5 11. c3 Bxd5 12. Bxd5 Nxd5 13. Qxd5 Qc7 14. Nh4
Ne7 15. Qd3 Rad8 16. c4 Rc8 17. b3 Bd4 18. Rb1 a6 19. Be3 Bc5 20. Rbd1 Rfd8 21.
h3 b5 22. cxb5 axb5 23. Qxb5 Bxe3 24. fxe3 Qc2 25. Qb4 Nc6 26. Qb7 Rf8 27. Nf5
Qxa2 28. Rf2 Qa8 29. Qd7 g6 30. Nxd6 Rcd8 31. Qc7 Nb4 32. Rxf7 Rxf7 33. Qxf7+
Kh8 34. Qf6+ Kg8 35. Qe6+ Kg7 36. Qxe5+ Kg8 37. Qe6+ Kg7 38. Nf5+ gxf5 39. Qe7+
Kg6 40. exf5+ Kxf5 41. Rf1+ 1-0